000
00331pab a2200133 454500
008
180718b1984 xxu||||| |||| 00| 0 eng d
100
_a
Hannum, Hurst
245
_a
Autonomy and self - government in international law
260
_c
1984
300
_a
53-6
650
_a
International Law
773
_a
Development
909
_a
11274
999
_c
11274
_d
11274